000
00272nam a22000977a 4500
008
180205b xxu||||| |||| 00| 0 eng d
100
_a
Arnold, Edmund
245
_a
Ink on Paper 2: Handbook of the Graphic Arts
260
_a
New York
_b
Harper & Row
_c
1972
650
_a
Graphic arts
999
_c
2610
_d
2610